[Event "II. UKSE Tournament A"]
[Site "Budapest"]
[Date "2011.06.23"]
[Round "6"]
[White "Kalmar, Karoly"]
[Black "Grimm, Daniel"]
[Result "1/2-1/2"]
[WhiteElo "2013"]
[BlackElo "2068"]
[PlyCount "73"]
[EventDate "2011.06.18"]
[EventType "tourn"]
[EventRounds "9"]
[EventCountry "HUN"]
[Source "Nadasi, Balazs"]
[SourceDate "2011.06.20"]

1. d4 Nf6 2. Nf3 g6 3. c4 Bg7 4. Nc3 O-O 5. e4 d6 6. Be2 e5 7. dxe5 dxe5 8. Be3
Qe7 9. Qc2 c6 10. O-O Bg4 11. Rad1 Na6 12. a3 Nc7 13. Rd2 Bxf3 14. Bxf3 Ne6 15.
Ne2 Qc7 16. c5 Rfd8 17. Rfd1 Bf8 18. b4 Rxd2 19. Rxd2 Rd8 20. Qd1 Rxd2 21. Qxd2
h5 22. h3 Qd7 23. Qxd7 Nxd7 24. g4 h4 25. Bg2 Bg7 26. Bf1 Bf6 27. f3 g5 28. Kf2
Nf4 29. Nc1 Kf8 30. Nd3 Nxd3+ 31. Bxd3 Be7 32. Bc4 Ke8 33. Ke2 Nf8 34. Kd3 f6
35. Kc3 Kd8 36. Bf7 Kc7 37. Bf2 1/2-1/2

[Event "II. UKSE Tournament A"]
[Site "Budapest"]
[Date "2011.06.23"]
[Round "6"]
[White "Bodrogi, Laszlo"]
[Black "Novaky, Csaba"]
[Result "0-1"]
[WhiteElo "2017"]
[BlackElo "2101"]
[PlyCount "76"]
[EventDate "2011.06.18"]
[EventType "tourn"]
[EventRounds "9"]
[EventCountry "HUN"]
[Source "Nadasi, Balazs"]
[SourceDate "2011.06.20"]

1. d4 Nf6 2. c4 e5 3. dxe5 Ng4 4. Nf3 Bc5 5. e3 Nc6 6. Nc3 Ngxe5 7. Be2 Nxf3+
8. Bxf3 Ne5 9. Be2 O-O 10. O-O Re8 11. Qd5 Bf8 12. b3 a5 13. Bb2 Ra6 14. Ne4
Rae6 15. f4 c6 16. Qd4 Ng6 17. Bd3 d5 18. cxd5 cxd5 19. Ng3 Rxe3 20. f5 Nh8 21.
Rf4 b6 22. Nf1 R3e4 23. Bxe4 Bc5 24. Qxc5 bxc5 25. Rd1 Qg5 26. Bc1 d4 27. Bf3
Qd8 28. Ne3 f6 29. Bd5+ Nf7 30. Bc4 Bb7 31. Be6 Qc7 32. Ng4 Kh8 33. Nf2 Ne5 34.
Nh3 g5 35. Rf2 h6 36. Ba3 Ng4 37. Rc2 Qxh2+ 38. Kf1 Ne3+ 0-1

[Event "II. UKSE Tournament A"]
[Site "Budapest"]
[Date "2011.06.24"]
[Round "7"]
[White "Grimm, Daniel"]
[Black "Koczo, Kristof"]
[Result "1/2-1/2"]
[WhiteElo "2068"]
[BlackElo "2233"]
[PlyCount "33"]
[EventDate "2011.06.18"]
[EventType "tourn"]
[EventRounds "9"]
[EventCountry "HUN"]
[Source "Nadasi, Balazs"]
[SourceDate "2011.06.20"]

1. e4 c6 2. d4 d5 3. Nd2 dxe4 4. Nxe4 Nd7 5. Bc4 Ngf6 6. Nxf6+ Nxf6 7. Nf3 Bf5
8. c3 e6 9. Bf4 Bd6 10. Bxd6 Qxd6 11. O-O O-O 12. h3 c5 13. Bd3 Bxd3 14. Qxd3
Rfd8 15. Rfd1 cxd4 16. Qxd4 Qc7 17. Qe5 1/2-1/2

[Event "II. UKSE Tournament A"]
[Site "Budapest"]
[Date "2011.06.24"]
[Round "7"]
[White "Cuibus, Janos"]
[Black "Bodrogi, Laszlo"]
[Result "0-1"]
[WhiteElo "2079"]
[BlackElo "2017"]
[PlyCount "76"]
[EventDate "2011.06.18"]
[EventType "tourn"]
[EventRounds "9"]
[EventCountry "HUN"]
[Source "Nadasi, Balazs"]
[SourceDate "2011.06.20"]

1. d4 Nf6 2. Nc3 c5 3. d5 e6 4. e4 exd5 5. exd5 d6 6. Qf3 Be7 7. Bd3 O-O 8.
Nge2 Re8 9. h3 Nbd7 10. Bf4 Bf8 11. O-O Ne5 12. Bxe5 Rxe5 13. Ng3 a6 14. Rfe1
Qe7 15. Rxe5 Qxe5 16. Kf1 Bd7 17. Re1 Qg5 18. Nge4 Nxe4 19. Nxe4 Qh6 20. Ng3
Re8 21. Rxe8 Bxe8 22. Qe4 Bd7 23. f4 g6 24. c3 Qh4 25. Qf3 Bh6 26. f5 Qf4 27.
Qxf4 Bxf4 28. Ne2 Be5 29. fxg6 hxg6 30. Kf2 Kg7 31. Kf3 b5 32. g4 c4 33. Bc2 f5
34. gxf5 gxf5 35. Nd4 Kf6 36. h4 b4 37. Ne6 bxc3 38. bxc3 Bxc3 0-1

[Event "II. UKSE Tournament A"]
[Site "Budapest"]
[Date "2011.06.24"]
[Round "7"]
[White "Schenkerik, Csaba"]
[Black "Kalmar, Karoly"]
[Result "1-0"]
[WhiteElo "2154"]
[BlackElo "2013"]
[PlyCount "105"]
[EventDate "2011.06.18"]
[EventType "tourn"]
[EventRounds "9"]
[EventCountry "HUN"]
[Source "Nadasi, Balazs"]
[SourceDate "2011.06.20"]

1. d4 d5 2. c4 e6 3. Nc3 Nf6 4. Nf3 Be7 5. cxd5 exd5 6. Bf4 c6 7. Qc2 O-O 8. e3
Nbd7 9. O-O-O Nb6 10. h3 a5 11. Bd3 a4 12. g4 g6 13. Rdg1 Re8 14. Ne5 Kg7 15.
h4 Ne4 16. Nxe4 dxe4 17. Bxe4 Be6 18. Kb1 Nd5 19. Nd3 Qa5 20. h5 c5 21. hxg6
hxg6 22. Be5+ f6 23. Nf4 Nxf4 24. Bxf4 cxd4 25. Bh6+ Kg8 26. Bd5 Kf7 27. Bxe6+
Kxe6 28. Qxg6 Red8 29. exd4 Rxd4 30. Re1+ Kd7 31. Qf7 Re8 32. Rd1 Qe5 33. Be3
Rd6 34. Qc4 b5 35. Rxd6+ Bxd6 36. Rh7+ Re7 37. Rxe7+ Kxe7 38. Qc6 a3 39. bxa3
Bxa3 40. Qb7+ Ke6 41. Qc8+ Kf7 42. Qd7+ Kg8 43. Qd4 Qxd4 44. Bxd4 Kf7 45. Kc2
Ke6 46. Kd3 f5 47. g5 Kf7 48. Kc3 Bd6 49. Bf6 Ke6 50. Kd4 Bf8 51. Be5 Kf7 52.
Kd5 Kg6 53. f4 1-0

[Event "II. UKSE Tournament A"]
[Site "?"]
[Date "2011.06.25"]
[Round "8"]
[White "Kalmar, Karoly"]
[Black "Koczo, Kristof"]
[Result "0-1"]
[WhiteElo "2013"]
[BlackElo "2233"]
[PlyCount "140"]
[EventDate "2011.??.??"]

1. d4 d5 2. Nf3 Nf6 3. c4 c6 4. e3 Bg4 5. Nc3 e6 6. Bd3 Nbd7 7. O-O Bd6 8. h3
Bh5 9. cxd5 exd5 10. e4 dxe4 11. Re1 Bxf3 12. Qxf3 Ne5 13. Rxe4 Nxe4 14. Qxe4
Qe7 15. dxe5 Qxe5 16. Qxe5+ Bxe5 17. Be3 O-O-O 18. Bc4 Bd4 19. Bf4 Bxf2+ 20.
Kxf2 Rd4 21. Be3 Rxc4 22. Bxa7 b5 23. Re1 Rd8 24. Re2 Rd7 25. Re8+ Kb7 26. Be3
f5 27. Rf8 g6 28. g3 Kc7 29. Re8 Rf7 30. Ra8 Kd7 31. Bg5 Rc5 32. Rd8+ Kc7 33.
Rd4 Rd7 34. Rh4 Kb7 35. Rb4 Rc4 36. Rxc4 bxc4 37. Be3 Kc7 38. Ke2 Kd6 39. Kd2
Ke5+ 40. Kc2 Rd3 41. Bf4+ Kd4 42. h4 Rf3 43. Ne2+ Kd5 44. Nc3+ Ke6 45. Ne2 Rf1
46. Kc3 Kd5 47. Nd4 Rf2 48. Nc2 Rf3+ 49. Kd2 Ke4 50. Ke2 Rd3 51. Nb4 Rd7 52.
Nxc6 Rb7 53. Bc1 Kd5 54. Na5 Rb5 55. Nxc4 Kxc4 56. Kd2 Ra5 57. Kc2 Rxa2 58. Be3
Ra8 59. b3+ Kb5 60. Kc3 Re8 61. Bd2 Re2 62. Bf4 Rf2 63. Kd4 Rf3 64. Ke5 Rxb3
65. Kf6 Kc4 66. h5 Rb6+ 67. Kg5 Kd5 68. hxg6 hxg6 69. Kh6 Ke4 70. Bg5 Kf3 0-1

[Event "II. UKSE Tournament A"]
[Site "?"]
[Date "2011.06.25"]
[Round "8"]
[White "Schenkerik, Csaba"]
[Black "Bartuszek, Andras"]
[Result "1-0"]
[WhiteElo "2154"]
[BlackElo "1863"]
[PlyCount "41"]
[EventDate "2011.??.??"]

1. d4 Nf6 2. c4 g6 3. Nc3 d5 4. Nf3 Bg7 5. Bg5 c6 6. Bxf6 Bxf6 7. cxd5 cxd5 8.
Qb3 e6 9. e3 O-O 10. Be2 a6 11. O-O Nd7 12. a3 b6 13. Rfc1 Bb7 14. Rc2 Be7 15.
Rac1 Bd6 16. h3 f5 17. Nd2 Rf7 18. f4 Qh4 19. Nf3 Qg3 20. Bf1 g5 21. Ne2 1-0

[Event "II. UKSE Tournament A"]
[Site "?"]
[Date "2011.06.25"]
[Round "8"]
[White "Bodrogi, Laszlo"]
[Black "Grimm, Daniel"]
[Result "0-1"]
[WhiteElo "2017"]
[BlackElo "2068"]
[PlyCount "84"]
[EventDate "2011.??.??"]

1. d4 Nf6 2. c4 g6 3. Nc3 Bg7 4. e4 O-O 5. Be3 d6 6. f3 Nc6 7. Nge2 a6 8. Qd2
Rb8 9. Nc1 e5 10. d5 Nd4 11. Nb3 Nxb3 12. axb3 Nh5 13. g3 f5 14. b4 Kh8 15. Be2
Bd7 16. c5 Nf6 17. Bg5 Qe8 18. O-O Nh5 19. Nd1 f4 20. g4 Nf6 21. Bh4 h5 22. h3
Nh7 23. Be1 hxg4 24. hxg4 Bf6 25. Kg2 Kg7 26. Nc3 Rh8 27. Bf2 Ng5 28. Rh1 Qf7
29. Bc4 Rbf8 30. Rxh8 Rxh8 31. Rh1 Rxh1 32. Kxh1 Nxf3 33. Qd3 Bxg4 34. b5 Qe8
35. Kg2 Qh8 36. Qxf3 Bxf3+ 37. Kxf3 Qh1+ 38. Ke2 f3+ 39. Kd2 Bg5+ 40. Kc2 Qg2
41. Nd1 axb5 42. cxd6 cxd6 0-1

[Event "II. UKSE Tournament A"]
[Site "?"]
[Date "2011.06.26"]
[Round "9"]
[White "Bartuszek, Andras"]
[Black "Kalmar, Karoly"]
[Result "1-0"]
[WhiteElo "1863"]
[BlackElo "2013"]
[PlyCount "47"]
[EventDate "2011.??.??"]

1. e4 c5 2. Nf3 e6 3. d4 cxd4 4. Nxd4 a6 5. Bd3 Nf6 6. O-O d6 7. Be3 Be7 8. c4
Qc7 9. Nc3 Nbd7 10. f4 b6 11. Rc1 Bb7 12. b4 Rc8 13. Qf3 Qb8 14. g4 h6 15. a3
O-O 16. h4 g5 17. hxg5 hxg5 18. fxg5 Ne5 19. gxf6 Nxf3+ 20. Rxf3 Bxf6 21. Rxf6
Kg7 22. Rcf1 Rh8 23. Rxf7+ Kg8 24. Nxe6 1-0

[Event "II. UKSE Tournament A"]
[Site "?"]
[Date "2011.06.26"]
[Round "9"]
[White "Koczo, Kristof"]
[Black "Bodrogi, Laszlo"]
[Result "0-1"]
[WhiteElo "2233"]
[BlackElo "2017"]
[PlyCount "66"]
[EventDate "2011.??.??"]

1. d4 Nf6 2. c4 e6 3. Nf3 b6 4. g3 Bb7 5. Bg2 Be7 6. O-O O-O 7. Nc3 Ne4 8. Qc2
Nxc3 9. Qxc3 d6 10. Qd3 f5 11. d5 e5 12. e4 fxe4 13. Qxe4 Nd7 14. Bh3 Nc5 15.
Qe2 a5 16. Be3 Bc8 17. Bxc8 Qxc8 18. Bxc5 bxc5 19. Nd2 Bg5 20. Ne4 Bh6 21. Rfd1
Qh3 22. Rd3 a4 23. Ra3 Qd7 24. Nc3 Rf6 25. b3 Raf8 26. Ne4 Rf3 27. Rxa4 Qf5 28.
Ra7 Be3 29. fxe3 Qxe4 30. Re1 h5 31. Rxc7 h4 32. gxh4 Qxh4 33. Rf1 Qg4+ 0-1

[Event "II. UKSE Tournament B"]
[Site "Budapest"]
[Date "2011.06.18"]
[Round "1"]
[White "Grimm, Gyorgy"]
[Black "Vinnay, Istvan"]
[Result "1/2-1/2"]
[WhiteElo "1817"]
[BlackElo "1732"]
[PlyCount "108"]
[EventDate "2011.06.18"]
[EventType "tourn"]
[EventRounds "9"]
[EventCountry "HUN"]
[Source "Nadasi, Balazs"]
[SourceDate "2011.06.20"]

1. e4 c5 2. Nf3 e6 3. d4 cxd4 4. Nxd4 Nf6 5. Nc3 d6 6. Be3 a6 7. Be2 Be7 8. O-O
O-O 9. Kh1 Qc7 10. f4 b5 11. Bf3 Bb7 12. Qd3 Nc6 13. Nxc6 Bxc6 14. Rad1 Rfd8
15. Ne2 Qb7 16. Ng3 d5 17. e5 Nd7 18. Ne2 Rac8 19. Nd4 Nc5 20. Qe2 Be8 21. Rc1
Bf8 22. c3 Nd7 23. b3 Bc5 24. c4 Qb6 25. Rfd1 dxc4 26. bxc4 bxc4 27. Qxc4 Bxd4
28. Qxd4 Qxd4 29. Bxd4 Nb8 30. Bb6 Rxd1+ 31. Rxd1 Bc6 32. Rc1 Bb7 33. Rxc8+
Bxc8 34. Bc5 Bd7 35. Kg1 Bc6 36. Kf2 f6 37. Bd6 Bxf3 38. Kxf3 Nd7 39. Ke4 Kf7
40. Kd4 h5 41. h3 Kg6 42. Ke4 Kf7 43. g4 hxg4 44. hxg4 g6 45. Kd4 f5 46. g5 Nb6
47. Bb4 Nd5 48. Bd2 Ke7 49. Kc5 Kd7 50. a3 Kc7 51. Ba5+ Kd7 52. Bd2 Kc7 53. Bc1
Kd7 54. Bd2 Kc7 1/2-1/2

[Event "II. UKSE Tournament B"]
[Site "Budapest"]
[Date "2011.06.18"]
[Round "1"]
[White "Szoke, Gabor"]
[Black "Farkas, Richard"]
[Result "0-1"]
[WhiteElo "1908"]
[BlackElo "1989"]
[PlyCount "84"]
[EventDate "2011.06.18"]
[EventType "tourn"]
[EventRounds "9"]
[EventCountry "HUN"]
[Source "Nadasi, Balazs"]
[SourceDate "2011.06.20"]

1. d4 Nf6 2. c4 g6 3. Nc3 d5 4. cxd5 Nxd5 5. e4 Nxc3 6. bxc3 Bg7 7. Bc4 c5 8.
Ne2 Nc6 9. Be3 O-O 10. O-O Qc7 11. dxc5 Ne5 12. Bd5 Nd7 13. Qb3 e6 14. Bf4 Ne5
15. Bxe5 Bxe5 16. Bc4 Qxc5 17. Rad1 Rb8 18. a4 b6 19. Kh1 Bb7 20. f4 Bg7 21. e5
Rfd8 22. Rd4 Rxd4 23. cxd4 Qc6 24. Rg1 Rc8 25. Bd3 Bh6 26. h4 Bf8 27. Kh2 Be7
28. Kh3 Kg7 29. Qb5 Kf8 30. Qxc6 Bxc6 31. Rc1 Bd7 32. Rxc8+ Bxc8 33. g4 Bb4 34.
h5 gxh5 35. gxh5 h6 36. Kg4 a5 37. f5 Bd7 38. fxe6 fxe6 39. Bb5 Bxb5 40. axb5
a4 41. Nc1 Bc3 42. Kf4 Bd2+ 0-1

[Event "II. UKSE Tournament B"]
[Site "Budapest"]
[Date "2011.06.18"]
[Round "1"]
[White "Szucs, Gabor"]
[Black "Yip, Michael"]
[Result "1/2-1/2"]
[WhiteElo "1809"]
[BlackElo "1968"]
[PlyCount "29"]
[EventDate "2011.06.18"]
[EventType "tourn"]
[EventRounds "9"]
[EventCountry "HUN"]
[Source "Nadasi, Balazs"]
[SourceDate "2011.06.20"]

1. c4 c5 2. Nf3 Nf6 3. Nc3 b6 4. g3 Bb7 5. Bg2 d6 6. O-O g6 7. d4 cxd4 8. Qxd4
Bg7 9. e4 Nbd7 10. Be3 O-O 11. Qd3 Nc5 12. Bxc5 dxc5 13. Qe3 e6 14. Rad1 Qe7
15. Rd3 1/2-1/2

[Event "II. UKSE Tournament B"]
[Site "Budapest"]
[Date "2011.06.18"]
[Round "1"]
[White "Krizsany, Laszlo Sr"]
[Black "Zoldy, Robert"]
[Result "1/2-1/2"]
[WhiteElo "1938"]
[BlackElo "1980"]
[PlyCount "21"]
[EventDate "2011.06.18"]
[EventType "tourn"]
[EventRounds "9"]
[EventCountry "HUN"]
[Source "Nadasi, Balazs"]
[SourceDate "2011.06.20"]

1. d4 f5 2. g3 Nf6 3. Bg2 g6 4. c4 Bg7 5. Nh3 O-O 6. Nc3 d6 7. d5 c6 8. O-O e5
9. dxe6 Bxe6 10. Bf4 Bxc4 11. Bxd6 1/2-1/2

[Event "II. UKSE Tournament B"]
[Site "Budapest"]
[Date "2011.06.19"]
[Round "2"]
[White "Mihaly, Zoltan"]
[Black "Grimm, Gyorgy"]
[Result "1/2-1/2"]
[WhiteElo "1720"]
[BlackElo "1817"]
[PlyCount "67"]
[EventDate "2011.06.18"]
[EventType "tourn"]
[EventRounds "9"]
[EventCountry "HUN"]
[Source "Nadasi, Balazs"]
[SourceDate "2011.06.20"]

1. c4 Nf6 2. d4 g6 3. Nc3 Bg7 4. e4 O-O 5. e5 Ne8 6. Nf3 d6 7. Bf4 Bg4 8. Be2
Nc6 9. exd6 exd6 10. Bg5 Qd7 11. Be3 Nf6 12. O-O Rfe8 13. Re1 Ne4 14. Nxe4 Rxe4
15. Ng5 Bxe2 16. Rxe2 Re7 17. Qd2 Nxd4 18. Ree1 Nf5 19. Bf4 Rae8 20. Rxe7 Rxe7
21. Nf3 Re4 22. Rc1 Nd4 23. Nxd4 Rxd4 24. Qe3 Qg4 25. g3 g5 26. Qe8+ Bf8 27.
Be3 Rxc4 28. Rxc4 Qxc4 29. Bxg5 Qe6 30. Qb8 Qe1+ 31. Kg2 Qe4+ 32. Kg1 Qe1+ 33.
Kg2 Qe4+ 34. Kg1 1/2-1/2

[Event "II. UKSE Tournament B"]
[Site "Budapest"]
[Date "2011.06.19"]
[Round "2"]
[White "Vinnay, Istvan"]
[Black "Szucs, Gabor"]
[Result "1/2-1/2"]
[WhiteElo "1732"]
[BlackElo "1809"]
[PlyCount "38"]
[EventDate "2011.06.18"]
[EventType "tourn"]
[EventRounds "9"]
[EventCountry "HUN"]
[Source "Nadasi, Balazs"]
[SourceDate "2011.06.20"]

1. c4 Nf6 2. Nc3 e6 3. d4 Bb4 4. Bd2 O-O 5. Nf3 b6 6. e3 Bb7 7. Be2 d5 8. O-O
Nbd7 9. Rc1 c5 10. a3 Bxc3 11. Bxc3 Ne4 12. Qc2 Nxc3 13. Qxc3 cxd4 14. Qxd4 Qf6
15. Qxf6 Nxf6 16. cxd5 Nxd5 17. Rfd1 Rac8 18. Ne1 Rxc1 19. Rxc1 Rc8 1/2-1/2

[Event "II. UKSE Tournament B"]
[Site "Budapest"]
[Date "2011.06.19"]
[Round "2"]
[White "Yip, Michael"]
[Black "Krizsany, Laszlo Sr"]
[Result "1/2-1/2"]
[WhiteElo "1968"]
[BlackElo "1938"]
[PlyCount "38"]
[EventDate "2011.06.18"]
[EventType "tourn"]
[EventRounds "9"]
[EventCountry "HUN"]
[Source "Nadasi, Balazs"]
[SourceDate "2011.06.20"]

1. Nf3 d5 2. d4 Nf6 3. c4 e6 4. Nc3 c6 5. e3 Nbd7 6. Bd3 Bd6 7. O-O O-O 8. e4
dxe4 9. Nxe4 Nxe4 10. Bxe4 Nf6 11. Bc2 h6 12. b3 b6 13. Bb2 Bb7 14. Qd3 Re8 15.
Rfe1 Kf8 16. Rad1 Rc8 17. c5 bxc5 18. dxc5 Bxc5 19. Qc4 Qb6 1/2-1/2

[Event "II. UKSE Tournament B"]
[Site "Budapest"]
[Date "2011.06.19"]
[Round "2"]
[White "Zoldy, Robert"]
[Black "Szoke, Gabor"]
[Result "1-0"]
[WhiteElo "1980"]
[BlackElo "1908"]
[PlyCount "81"]
[EventDate "2011.06.18"]
[EventType "tourn"]
[EventRounds "9"]
[EventCountry "HUN"]
[Source "Nadasi, Balazs"]
[SourceDate "2011.06.20"]

1. e4 e6 2. d3 d5 3. Nd2 c5 4. Ngf3 Nc6 5. g3 d4 6. Bg2 e5 7. O-O Nf6 8. Nc4
Bd6 9. a4 Be6 10. b3 Bxc4 11. bxc4 O-O 12. Bg5 h6 13. Bd2 Nd7 14. Nh4 Ne7 15.
a5 Rb8 16. Qg4 Nf6 17. Qe2 g5 18. Nf5 Nxf5 19. exf5 Kg7 20. Rfb1 Qd7 21. Be4
Nxe4 22. Qxe4 f6 23. Rb3 b6 24. Rab1 Bc7 25. f3 Rfc8 26. Kf2 Bd8 27. h4 Qb7 28.
Qg4 Qf7 29. hxg5 hxg5 30. Rh1 Be7 31. Rbb1 Rh8 32. f4 Rxh1 33. Rxh1 exf4 34.
gxf4 Rh8 35. Rxh8 Kxh8 36. axb6 axb6 37. fxg5 fxg5 38. Bxg5 Bxg5 39. Qxg5 Qc7
40. Qh4+ Kg7 41. Qg3+ 1-0

[Event "II. UKSE Tournament B"]
[Site "Budapest"]
[Date "2011.06.20"]
[Round "3"]
[White "Szoke, Gabor"]
[Black "Yip, Michael"]
[Result "0-1"]
[WhiteElo "1908"]
[BlackElo "1968"]
[PlyCount "60"]
[EventDate "2011.06.18"]
[EventType "tourn"]
[EventRounds "9"]
[EventCountry "HUN"]
[Source "Nadasi, Balazs"]
[SourceDate "2011.06.20"]

1. d4 Nf6 2. c4 e6 3. Nc3 d5 4. Bg5 Be7 5. Nf3 Nbd7 6. e3 h6 7. Bh4 O-O 8. Bd3
c6 9. O-O dxc4 10. Bxc4 Nd5 11. Bxe7 Qxe7 12. e4 Nxc3 13. bxc3 e5 14. Qc2 Re8
15. Rfe1 b5 16. Bb3 Bb7 17. a4 a6 18. d5 Nc5 19. c4 Qd6 20. axb5 axb5 21. Rxa8
Bxa8 22. dxc6 b4 23. Nd2 Bxc6 24. f3 Qd4+ 25. Kf1 Nd3 26. Re2 Nf4 27. Rf2 Ra8
28. Nb1 Ra1 29. g3 Qd3+ 30. Ke1 Rxb1+ 0-1

[Event "II. UKSE Tournament B"]
[Site "Budapest"]
[Date "2011.06.20"]
[Round "3"]
[White "Farkas, Richard"]
[Black "Zoldy, Robert"]
[Result "1/2-1/2"]
[WhiteElo "1989"]
[BlackElo "1980"]
[PlyCount "58"]
[EventDate "2011.06.18"]
[EventType "tourn"]
[EventRounds "9"]
[EventCountry "HUN"]
[Source "Nadasi, Balazs"]
[SourceDate "2011.06.20"]

1. e4 e5 2. Nf3 Nc6 3. Bb5 a6 4. Bxc6 dxc6 5. O-O Qd6 6. Na3 b5 7. Re1 c5 8. b3
Bg4 9. h3 Bxf3 10. Qxf3 Qf6 11. Qxf6 Nxf6 12. Bb2 Bd6 13. Rad1 O-O 14. c3 Nh5
15. g3 Rad8 16. Nc2 Rfe8 17. Kg2 Nf6 18. f3 Nd7 19. d4 cxd4 20. cxd4 exd4 21.
Nxd4 Bb4 22. Rf1 Nb8 23. Nf5 f6 24. Ne3 Rd2+ 25. Rxd2 Bxd2 26. Nd5 c6 27. Nf4
Kf7 28. Rd1 Ba5 29. Kf2 Re7 1/2-1/2

[Event "II. UKSE Tournament B"]
[Site "Budapest"]
[Date "2011.06.20"]
[Round "3"]
[White "Szucs, Gabor"]
[Black "Mihaly, Zoltan"]
[Result "1/2-1/2"]
[WhiteElo "1809"]
[BlackElo "1720"]
[PlyCount "42"]
[EventDate "2011.06.18"]
[EventType "tourn"]
[EventRounds "9"]
[EventCountry "HUN"]
[Source "Nadasi, Balazs"]
[SourceDate "2011.06.20"]

1. c4 e5 2. Nc3 Nf6 3. Nf3 Nc6 4. d4 exd4 5. Nxd4 Nxd4 6. Qxd4 b6 7. e4 Bc5 8.
Qe5+ Qe7 9. Qxe7+ Kxe7 10. Be2 Re8 11. e5 Ng8 12. Bf4 Bb7 13. Nd5+ Bxd5 14.
cxd5 Bd4 15. O-O-O Bxf2 16. Rhf1 Bc5 17. d6+ cxd6 18. exd6+ Kd8 19. Ba6 Nf6 20.
Kb1 Be3 21. Bg3 Ne4 1/2-1/2

[Event "II. UKSE Tournament B"]
[Site "Budapest"]
[Date "2011.06.20"]
[Round "3"]
[White "Krizsany, Laszlo Sr"]
[Black "Vinnay, Istvan"]
[Result "1-0"]
[WhiteElo "1938"]
[BlackElo "1732"]
[PlyCount "78"]
[EventDate "2011.06.18"]
[EventType "tourn"]
[EventRounds "9"]
[EventCountry "HUN"]
[Source "Nadasi, Balazs"]
[SourceDate "2011.06.20"]

1. d4 Nf6 2. c4 g6 3. Nc3 d5 4. Bf4 c6 5. e3 a6 6. c5 Bg7 7. h3 O-O 8. Nf3 Re8
9. Be2 Nbd7 10. Ne5 Nxe5 11. Bxe5 Nd7 12. Bxg7 Kxg7 13. f4 Kg8 14. h4 Nf6 15.
g4 Qd7 16. Rg1 Kh8 17. g5 Ne4 18. Nxe4 dxe4 19. h5 Qc7 20. hxg6 fxg6 21. Rh1
Be6 22. Qc2 Qa5+ 23. Kf2 Qc7 24. Rh4 Bf5 25. Rah1 h5 26. Qc3 Kg8 27. d5 cxd5
28. Bxh5 gxh5 29. Rxh5 e5 30. g6 Bxg6 31. Rg5 Kf7 32. f5 Rg8 33. fxg6+ Kf6 34.
Rh7 Rg7 35. Rxg7 Kxg7 36. Rxe5 Kh6 37. g7 Qf7+ 38. Ke1 Re8 39. Rxe8 Qxe8 1-0

[Event "II. UKSE Tournament B"]
[Site "Budapest"]
[Date "2011.06.21"]
[Round "4"]
[White "Mihaly, Zoltan"]
[Black "Krizsany, Laszlo Sr"]
[Result "1/2-1/2"]
[WhiteElo "1720"]
[BlackElo "1938"]
[PlyCount "34"]
[EventDate "2011.06.18"]
[EventType "tourn"]
[EventRounds "9"]
[EventCountry "HUN"]
[Source "Nadasi, Balazs"]
[SourceDate "2011.06.20"]

1. e4 e6 2. d4 d5 3. exd5 exd5 4. Nf3 Bg4 5. Bb5+ c6 6. Be2 Nf6 7. Nc3 Bd6 8.
O-O O-O 9. Bg5 Nbd7 10. Re1 Qc7 11. h3 Bh5 12. Bxf6 Nxf6 13. Ne5 Bg6 14. Bd3
Bb4 15. Bxg6 Bxc3 16. Bxf7+ Rxf7 17. bxc3 Re7 1/2-1/2

[Event "II. UKSE Tournament B"]
[Site "Budapest"]
[Date "2011.06.21"]
[Round "4"]
[White "Yip, Michael"]
[Black "Farkas, Richard"]
[Result "1/2-1/2"]
[WhiteElo "1968"]
[BlackElo "1989"]
[PlyCount "75"]
[EventDate "2011.06.18"]
[EventType "tourn"]
[EventRounds "9"]
[EventCountry "HUN"]
[Source "Nadasi, Balazs"]
[SourceDate "2011.06.20"]

1. Nf3 Nf6 2. c4 g6 3. Nc3 Bg7 4. g3 d5 5. cxd5 Nxd5 6. Bg2 O-O 7. O-O e5 8.
Nxd5 Qxd5 9. d3 Na6 10. Be3 c6 11. Qc1 Rd8 12. Rd1 Bd7 13. Bh6 Rac8 14. Bxg7
Kxg7 15. Qc3 f6 16. d4 e4 17. Nd2 Re8 18. b4 Bg4 19. f3 exf3 20. exf3 Bf5 21.
g4 Be6 22. Ne4 Nc7 23. f4 Nb5 24. Qb2 Bxg4 25. Nxf6 Re2 26. Qxe2 Bxe2 27. Nxd5
Bxd1 28. Ne7 Re8 29. Nxc6 Re1+ 30. Kf2 Re2+ 31. Kf1 bxc6 32. Rxd1 Rc2 33. a4
Nc7 34. d5 cxd5 35. Bxd5 Nxd5 36. Rxd5 Rc4 37. Rd7+ Kh6 38. Rxa7 1/2-1/2

[Event "II. UKSE Tournament B"]
[Site "Budapest"]
[Date "2011.06.21"]
[Round "4"]
[White "Vinnay, Istvan"]
[Black "Szoke, Gabor"]
[Result "0-1"]
[WhiteElo "1732"]
[BlackElo "1908"]
[PlyCount "94"]
[EventDate "2011.06.18"]
[EventType "tourn"]
[EventRounds "9"]
[EventCountry "HUN"]
[Source "Nadasi, Balazs"]
[SourceDate "2011.06.20"]

1. c4 c5 2. Nc3 Nc6 3. g3 Nf6 4. Bg2 g6 5. Nf3 Bg7 6. O-O O-O 7. a3 e6 8. d4
cxd4 9. Nxd4 Nxd4 10. Qxd4 Nd5 11. Qd2 Nxc3 12. bxc3 Qc7 13. Qd3 d6 14. Bf4 e5
15. Be3 Bf5 16. Qd2 e4 17. Rfd1 Qxc4 18. Bd4 Rac8 19. h3 h5 20. Bxg7 Kxg7 21.
Qxd6 Qxc3 22. Qf4 Qc7 23. Qe3 Qc5 24. Qf4 Rfd8 25. Rxd8 Rxd8 26. g4 hxg4 27.
hxg4 Be6 28. Qxe4 Qc3 29. Rf1 Bd5 30. Qb4 Qxb4 31. axb4 Bxg2 32. Kxg2 Rd2 33.
Rb1 Rxe2 34. Kf3 Re6 35. b5 Rb6 36. Ra1 Rxb5 37. Rxa7 Kf6 38. Kg3 Rb3+ 39. f3
g5 40. Ra8 Ke7 41. Rg8 f6 42. Rb8 Kd7 43. Kf2 Rb4 44. Ke3 Kc7 45. Ra8 b5 46.
Ra3 Kb6 47. Kd3 Rc4 0-1

[Event "II. UKSE Tournament B"]
[Site "Budapest"]
[Date "2011.06.21"]
[Round "4"]
[White "Grimm, Gyorgy"]
[Black "Szucs, Gabor"]
[Result "1-0"]
[WhiteElo "1817"]
[BlackElo "1809"]
[PlyCount "61"]
[EventDate "2011.06.18"]
[EventType "tourn"]
[EventRounds "9"]
[EventCountry "HUN"]
[Source "Nadasi, Balazs"]
[SourceDate "2011.06.20"]

1. e4 c5 2. Nf3 d6 3. d4 cxd4 4. Nxd4 Nf6 5. Nc3 a6 6. Bg5 e6 7. Qd2 Be7 8.
O-O-O Nbd7 9. f3 h6 10. Be3 Qc7 11. Kb1 b5 12. Qf2 Bb7 13. Nb3 Bc6 14. Qg3 Rg8
15. Nd4 b4 16. Nxc6 Qxc6 17. Ne2 e5 18. Qf2 a5 19. Ng3 a4 20. Qd2 b3 21. cxb3
axb3 22. a3 d5 23. exd5 Nxd5 24. Rc1 Qb7 25. Rd1 Nxe3 26. Qxe3 Bc5 27. Qe4 Qa7
28. Bb5 Bd4 29. Nf5 Kf8 30. Bxd7 Bxb2 31. Qb4+ 1-0

[Event "II. UKSE Tournament B"]
[Site "Budapest"]
[Date "2011.06.22"]
[Round "5"]
[White "Farkas, Richard"]
[Black "Vinnay, Istvan"]
[Result "1/2-1/2"]
[WhiteElo "1989"]
[BlackElo "1732"]
[PlyCount "74"]
[EventDate "2011.06.18"]
[EventType "tourn"]
[EventRounds "9"]
[EventCountry "HUN"]
[Source "Nadasi, Balazs"]
[SourceDate "2011.06.20"]

1. d4 Nf6 2. c4 g6 3. Nc3 d5 4. cxd5 Nxd5 5. e4 Nxc3 6. bxc3 Bg7 7. Bc4 c5 8.
Ne2 Nc6 9. Be3 cxd4 10. cxd4 Bg4 11. f3 Na5 12. Bb5+ Bd7 13. Qa4 Nc6 14. O-O a6
15. Bxc6 Bxc6 16. Qb3 O-O 17. Rfd1 Qd7 18. Nc3 b5 19. Rac1 Rfc8 20. Ne2 Qe8 21.
Rc5 e6 22. Rdc1 Bf8 23. R5c3 Bd7 24. Nf4 Rxc3 25. Rxc3 Rc8 26. d5 Rxc3 27. Qxc3
Qc8 28. Qd2 Bc5 29. dxe6 Bxe6 30. Nd5 Bxd5 31. exd5 Qc7 32. h3 h5 33. Bxc5
Qxc5+ 34. Kh1 Qd6 35. Qd4 Kf8 36. Qh8+ Ke7 37. Qa8 Kd7 1/2-1/2